00813nam a22002297a 4500003000500000005001700005008004100022010001100063011001100074035001100085040000900096100003300105245010800138260004000246500006000286502007700346650002500423650002900448650001800477650002400495856006400519CHAP20220329143738.0110526s2011 mx r 00010 spa d a101314 a102286 a112974 cCHAP1 aPérez Jiménez, Mauricio.10aHuerto hidroponico de plantas medicinales en invernaderoh[En línea]c/por Mauricio Pérez Jiménez aChapingo, Méx. :bEl autor,c2011 aPara ver el contenido del material haga clic en la liga aTesis (Ing. Agr. Esp. en Fitotecnia) -- UACH. Departamento de Fitotecnia14aBotánica médica.14aCultivos en invernadero.14aHidroponía.14aHuertos familiares. 3Finding aiduhttp://10.13.5.2/tesis/112974.pdfzTeclea aqui